000 00716nam a2200289Ia 4500
005 20260324111316.0
008 008 260324s9999 xx 000 0 eng d
020 _a9781003594628
037 _aEBOOK
040 _aCRL
040 _beng
040 _cCRL
041 _2eng
041 _aeng
084 _qCRL
100 _aCandan Badem
_91138015
245 0 _aKars Province under Russian Rule
245 0 _bImperial Rivalry and Nation-Building in the Periphery, 1878-1918
260 _bTaylor and Francis
260 _c2025
365 _a
365 _b83.99
856 _uhttp://www.taylorfrancis.com/books/9781003594628
942 _cEBOOK
999 _c1726795
_d1726795